It looks like you're offline.
Open Library logo
additional options menu

MARC record from Internet Archive

LEADER: 03885cam 2200697 i 4500
001 ocn953548614
003 OCoLC
005 20220720175955.0
008 160714s2016 enkb e 000 1 eng d
040 $aAU@$beng$erda$cAU@$dOCLCO$dOCLCF$dOCLCO$dAUPTL$dYDX$dNZHWP$dOCLCQ$dUKMGB$dOCLCQ$dNZNAP$dNZBAL$dOCLCO$dNZAUC$dOCLCO$dOCLCQ$dOCLCO
015 $aGBB660452$2bnb
016 7 $a017833915$2Uk
019 $a992788530
020 $a9780356506388$q(paperback)
020 $a035650638X
020 $a9780356506395
020 $a0356506398
020 $z9780356506371$q(ePub ebook)
035 $a(OCoLC)953548614$z(OCoLC)992788530
082 04 $a823.92$223
100 1 $aRyan, Anthony,$eauthor.
245 14 $aThe waking fire /$cAnthony Ryan.
264 1 $aLondon :$bOrbit,$c2016.
264 4 $c©2016
300 $a582 pages :$bmap ;$c24 cm
336 $atext$btxt$2rdacontent
336 $acartographic image$bcri$2rdacontent
337 $aunmediated$bn$2rdamedia
338 $avolume$bnc$2rdacarrier
490 1 $aThe draconis memoria ;$vbook 1
520 $aAnthony Ryan begins a new saga, The Draconis Memoria ... Throughout the vast lands controlled by the Ironship Syndicate, nothing is more prized than the blood of drakes. Harvested from the veins of captive or hunted Reds, Green, Blues and Blacks, it can be distilled into elixirs that give fearsome powers to the rare men and women who have the ability harness them--known as the blood-blessed. But not many know the truth: that the lines of drakes are weakening. If they fail, war with the neighboring Corvantine Empire will follow swiftly. The Syndicate's last hope resides in whispers of the existence of another breed of drake, far more powerful than the rest, and the few who have been chosen by fate to seek it. Claydon Torcreek is a petty thief and an unregistered blood-blessed, who finds himself pressed into service by the protectorate and sent to wild, uncharted territories in search of a creature he believes is little more than legend. Lizanne Lethridge is a formidable spy and assassin, facing gravest danger on an espionage mission deep into the heart of enemy territory. And Corrick Hilemore is the second lieutenant of an ironship, whose pursuit of ruthless brigands leads him to a far greater threat at the edge of the world. As lives and empires clash and intertwine, as the unknown and the known collide, all three must fight to turn the tide of a coming war, or drown in its wake.
650 0 $aQuests (Expeditions)$vFiction.
650 0 $aElixirs$vFiction.
650 0 $aAnimals, Mythical$vFiction.
650 0 $aImaginary wars and battles$vFiction.
650 6 $aQuête$vRomans, nouvelles, etc.
650 6 $aÉlixirs (Pharmacie)$vRomans, nouvelles, etc.
650 6 $aAnimaux fabuleux$vRomans, nouvelles, etc.
650 6 $aGuerres et batailles imaginaires$vRomans, nouvelles, etc.
650 7 $aAnimals, Mythical.$2fast$0(OCoLC)fst00809602
650 7 $aElixirs.$2fast$0(OCoLC)fst00908131
650 7 $aImaginary wars and battles.$2fast$0(OCoLC)fst00967580
650 7 $aQuests (Expeditions)$2fast$0(OCoLC)fst01085708
655 4 $aFantasy fiction.
655 4 $aEpic fiction.
655 7 $aEpic fiction.$2fast$0(OCoLC)fst01921643
655 7 $aFantasy fiction.$2fast$0(OCoLC)fst01726607
655 7 $aFiction.$2fast$0(OCoLC)fst01423787
655 7 $aFantasy fiction.$2gsafd
655 7 $aFantasy fiction.$2lcgft
655 7 $aEpic fiction.$2lcgft
655 7 $aRomans épiques.$2rvmgf
776 08 $iEbook version :$z9780356506371
800 1 $aRyan, Anthony.$tDraconis memoria ;$vbk. 1.
938 $aYBP Library Services$bYANK$n14666860
029 0 $aAU@$b000057880194
029 1 $aAU@$b000064075214
029 1 $aAU@$b000064799462
029 1 $aUKMGB$b017833915
994 $aZ0$bIME
948 $hNO HOLDINGS IN IME - 105 OTHER HOLDINGS